Normal view MARC view
  • Northern Areas (Pakistan)

Entry Geographic Name

Number of records used in: 3

001 - CONTROL NUMBER

  • control field: 3725

003 - CONTROL NUMBER IDENTIFIER

  • control field: NUST

005 - DATE AND TIME OF LATEST TRANSACTION

  • control field: 20170803105859.0

008 - FIXED-LENGTH DATA ELEMENTS

  • fixed length control field: 170803|| aca||aabn | a|a d

040 ## - CATALOGING SOURCE

  • Original cataloging agency: NUST
  • Transcribing agency: NUST

151 ## - HEADING--GEOGRAPHIC NAME

  • Geographic name: Northern Areas (Pakistan)
  • General subdivision: History.

670 ## - SOURCE DATA FOUND

  • Source citation: Work cat.: (NUST)0: Dani, Ahmad Hasan. 3723, History of Northern Areas of Pakistan :, 2001.
© 2023 Central Library, National University of Sciences and Technology. All Rights Reserved.